Roll of thunder, hear my cry / (Record no. 2568)

MARC details
000 -LEADER
fixed length control field 01002cam a2200301 a 4500
005 - DATE AND TIME OF LATEST TRANSACTION
control field 20240123154548.0
020 ## - INTERNATIONAL STANDARD BOOK NUMBER
International Standard Book Number 0821919857
020 ## - INTERNATIONAL STANDARD BOOK NUMBER
International Standard Book Number 9780590982078
040 ## - CATALOGING SOURCE
Original cataloging agency DLC
Transcribing agency DLC
Modifying agency DLC
Language of cataloging eng
050 00 - LIBRARY OF CONGRESS CALL NUMBER
Classification number PZ7.T21723
Item number Ro 1999
082 00 - DEWEY DECIMAL CLASSIFICATION NUMBER
Classification number 813.54
Edition number 21
100 1# - MAIN ENTRY--PERSONAL NAME
Personal name Taylor, Mildred D.
245 10 - TITLE STATEMENT
Title Roll of thunder, hear my cry /
Statement of responsibility, etc. Mildred D. Taylor
260 ## - PUBLICATION, DISTRIBUTION, ETC.
Place of publication, distribution, etc. New York :
Name of publisher, distributor, etc. Scholastic,
Date of publication, distribution, etc. 1999
300 ## - PHYSICAL DESCRIPTION
Extent 210 pages :
Other physical details illustrations ;
Dimensions 22 cm
505 ## - FORMATTED CONTENTS NOTE
Formatted contents note Y
520 ## - SUMMARY, ETC.
Summary, etc. A black family living in Mississippi during the Depression of the 1930s is faced with prejudice and discrimination which its children do not understand.
521 ## - TARGET AUDIENCE NOTE
Target audience note 920
Source Lexile
521 ## - TARGET AUDIENCE NOTE
Target audience note Y
Source Raz-Plus
650 #0 - SUBJECT ADDED ENTRY--TOPICAL TERM
Topical term or geographic name entry element African Americans
Form subdivision Juvenile fiction.
650 #1 - SUBJECT ADDED ENTRY--TOPICAL TERM
Topical term or geographic name entry element African Americans
Form subdivision Fiction.
650 #1 - SUBJECT ADDED ENTRY--TOPICAL TERM
Topical term or geographic name entry element Prejudices
Form subdivision Fiction.
650 #1 - SUBJECT ADDED ENTRY--TOPICAL TERM
Topical term or geographic name entry element Race relations
Form subdivision Fiction.
650 #1 - SUBJECT ADDED ENTRY--TOPICAL TERM
Topical term or geographic name entry element Depressions
Chronological subdivision 1929
Form subdivision Fiction.
906 ## - LOCAL DATA ELEMENT F, LDF (RLIN)
a 7
b cbc
c orignew
d 1
e ocip
f 19
g y-gencatlg
942 ## - ADDED ENTRY ELEMENTS (KOHA)
Source of classification or shelving scheme Dewey Decimal Classification
Koha item type Books
Suppress in OPAC No
999 ## -
-- 2568
-- 2568
Holdings
Withdrawn status Lost status Source of classification or shelving scheme Damaged status Not for loan Collection Home library Current library Shelving location Date acquired Total Checkouts Full call number Barcode Date last seen Date last checked out Copy number Price effective from Koha item type
    Dewey Decimal Classification     Fiction Footprints International School Library Network Toul Kork Campus Footprints International School Library Network Toul Kork Campus TTP Secondary Fiction Bookshelves 12/15/2023 1 TAY 813.54 PZ7.T21723 FIS00483 06/09/2025 05/07/2025 1 12/15/2023 Books
    Dewey Decimal Classification     Fiction Footprints International School Library Network Toul Kork Campus Footprints International School Library Network Toul Kork Campus   01/23/2024   TAY 813.54 PZ7.T21723 FISSE01362 01/23/2024   2 01/23/2024 Books